[Event "Thessaloniki Triandria op 5th"]
[Site "Thessaloniki"]
[Date "2012.04.17"]
[Round "1"]
[White "Stavrakakis, Vasilios"]
[Black "Tsakouridis, Georgios"]
[Result "1-0"]
[WhiteElo "2148"]
[BlackElo "1449"]
[PlyCount "63"]
[EventDate "2012.04.17"]
[EventType "swiss"]
[EventRounds "7"]
[EventCountry "GRE"]
[SourceTitle "EXT 2014"]
[Source "ChessBase"]
[SourceDate "2013.11.20"]
[SourceVersion "1"]
[SourceVersionDate "2013.11.20"]
[SourceQuality "1"]

1. e4 d5 2. exd5 Qxd5 3. Nc3 Qd6 4. Nf3 Nf6 5. d4 a6 6. Ne5 c5 7. Nc4 Qxd4 8. Nb6 Qxd1+ 9. Nxd1 Ra7 10. Nxc8 Nc6 11. Nxa7 Nxa7 12. Be3 e6 13. b4 Nd5 14. bxc5 Nxe3 15. Nxe3 Bxc5 16. Rb1 b5 17. a4 0-0 18. axb5 a5 19. Bd3 Bb4+ 20. Ke2 Rb8 21. Rxb4 axb4 22. Ra1 Nc8 23. Rb1 Nd6 24. Rxb4 f5 25. c4 f4 26. c5 fxe3 27. cxd6 exf2 28. b6 Rf8 29. Kf1 e5 30. Bc4+ Kh8 31. b7 Rb8 32. Ra4 1-0